|
|
แสดงรายละเอียดบรรณานุกรม |
|
|
Brief Record
: Get Marc (ISO 2709)
: E-mail record
: |
| LEADER 00000nama 2200000uu 4500 | |||
| 008 040531s2536 th m m a000 0 tha d | |||
| 020 974-581-798-8 | |||
| 041 tha | |||
| 100 รองศาสตราจารย์ วัชราภรณ์ สุริยาภิวัฒน์ | |||
| 245 คอมพิวเตอร์เบื้องต้น และเทคนิคการเขียนโปรแกรม | |||
| 250 11 | |||
| 260 2536 | |||
| 300 355 หน้า | |||
| 998 2003-04-11 | |||
| คุณยังไม่ได้ล็อกอิน คุณสามารถมีกิจกรรมร่วมกับเว็บไซต์ได้ แต่ต้องล็อกอินก่อน :: |
|
| สถานะ | |||||||||
| 1. | หนังสือทั่วไป | 2536 | On Shelf ขอยืม | ||||||
| [แสดง 1/1 รายการ] | |||||||||
BibComment |
| คอมเมนท์ทรัพยากรรายการนี้ |
|
|